| 000 | 01225cam a2200277 4500 | ||
|---|---|---|---|
| 008 | 020719n2002 000 0 eng u | ||
| 020 | _a0199257965 | ||
| 035 | _a(Sirsi) u118938 | ||
| 050 | _a346.41043 | ||
| 100 | _aAbbey, R. | ||
| 245 | _aBlackstone's guide to the Land Registration Act 2002 | ||
| 260 |
_aOxford _bOxford University Press _c2002 |
||
| 300 |
_axxiv,249p. _c22cm. |
||
| 350 | _a29.95 | ||
| 520 | _aA step-by-step guide to the impact of the Land Registration Act 2002 on commercial and residential conveyancing law and practice. Discusses: first registration; disposition of registered land; notices, restrictions and charges; e-conveyancing; adverse possession; Land Registry administration and practice; adjudication; and overriding interests. Includes the full text of the act. | ||
| 650 | _aMANAGEMENT-DISPUTE AVOIDANCE, MANAGEMENT AND RESOLUTION-DISPUTE MANAGEMENT AND RESOLUTION-ALTERNATIVE DISPUTE RESOLUTION-ADJUDICATION | ||
| 650 | _aADVERSE POSSESSION | ||
| 650 | _aCONVEYANCING | ||
| 650 | _aECONVEYANCING | ||
| 650 | _aLAND REGISTRATION ACT 2002 | ||
| 650 | _aOVERRIDING INTEREST | ||
| 650 | _aREGISTERED LAND | ||
| 690 | _aPROPERTY | ||
| 700 | _aRichards, M. | ||
| 942 | _n0 | ||
| 999 |
_c102203 _d102203 |
||